Normal view
MARC view
- العزام ،عبدالمجيد عرسان، م.مشارك الزعبي ، محمود ساري
Entry Personal Name
001 - CONTROL NUMBER
- control field: 38805
003 - CONTROL NUMBER IDENTIFIER
- control field: JO-AjAnu
005 - DATE AND TIME OF LATEST TRANSACTION
- control field: 20230606080447.0
008 - FIXED-LENGTH DATA ELEMENTS
- fixed length control field: 230606|| aca||aabn | a|a d
040 ## - CATALOGING SOURCE
- Original cataloging agency: JO-AjAnu
- Transcribing agency: JO-AjAnu
100 ## - HEADING--PERSONAL NAME
- Personal name: العزام ،عبدالمجيد عرسان، م.مشارك الزعبي ، محمود ساري
670 ## - SOURCE DATA FOUND
- Source citation: Work cat.: (JO-AjAnu)19902: العزام ،عبدالمجيد عرسان، م.مشارك الزعبي ، محمود ساري, author, دراسات في علم السياسة